| 000 | 00681nam a2200241 a 4500 | ||
|---|---|---|---|
| 003 | AR-BaBNM | ||
| 005 | 20251128203845.0 | ||
| 008 | 082120s2002 ||||||||||||||000 | spa|| | ||
| 040 | _cAR-BaBNM | ||
| 100 | 1 | _aBeccar Varela, Adrián | |
| 245 | 0 | 0 |
_aPlazas y calles de Buenos Aires _bsignificación histórica de sus nombres. 1 |
| 260 |
_aBuenos Aires _bPenitenciaría Nacional _c1910 |
||
| 300 | _axii, 453 p. | ||
| 650 | 4 | _aHISTORIA DE BUENOS AIRES | |
| 650 | 4 | _aBIENES CULTURALES | |
| 650 | 4 | _aURBANISMO | |
| 650 | 4 | _aBARRIOS | |
| 651 | 4 | _aBuenos Aires [Capital Federal] | |
| 653 | _aHISTORIA URBANA | ||
| 700 | 1 | _aUdaondo, Enrique | |
| 942 | _cBK | ||
| 998 | _cMariana | ||
| 999 |
_c5211 _d5211 |
||